| 000 | 00310 a2200121 4500 | ||
|---|---|---|---|
| 001 | 86552 | ||
| 082 | _a398.2 LOK | ||
| 090 |
_c40729 _d40729 |
||
| 100 | _aTufail Niazi | ||
| 245 | _aSindh Sagar : Culture and Heritage GM-19 (Only DVD) | ||
| 260 |
_aIslamabad _bLok Virsa Islamabad _c2012 |
||
| 500 | _aLok Virsa | ||
| 942 |
_aCAENUST _k398.2 LOK |
||
| 999 |
_c321625 _d321625 |
||